000 00528nam a2200181Ia 4500
008 090123s9999 xx 000 0 und d
082 _b7979
_a891.463/मेहता
100 _aमेहता शशिकला
245 _aअद्वैत
250 _a1
260 _bस्मिता प्रकाशन
300 _a176
600 _aमेहता शशिकला
630 _aअद्वैत
700 _aमेहता शशिकला
730 _aअद्वैत
942 _cBOOK
999 _c46045
_d46045